Star Wars Legends - Quiz - Statistiques

Statistiques générales
  • Ce quiz a été pris 19 fois
  • Le résultat moyen est 8 sur 13
Statistiques - réponses
Hint Réponse % Correct
Quel est le vrai nom de Dark Sidious dans Legends ? Sheev Palpatine
93%
Quelle est la planète d’origine de Revan selon plusieurs sources Legends ? Deralia
86%
Quel est le nom du fils de Luke Skywalker dans l’univers Legends ? Ben Skywalker
79%
Comment est mort Chewbacca dans l’Univers Étendu ? Effondrement de la lune Sernpidal
79%
Quel est le nom de l’amiral impérial légendaire à la peau bleue ? Thrawn
79%
Quel est le nom de l’ordre Jedi noir fondé par Joruus C’baoth dans la trilogie de Thrawn ? L’Ordre de Wayland
71%
Qui est le maître Jedi de Mara Jade lorsqu’elle rejoint l’Ordre ? Luke Skywalker
71%
Quel est le nom complet du Seigneur Sith qui a créé la règle du Deux avant Dark Bane ? Dark Ruin
64%
Quel est le nom du groupe d’élite d’assassins impériaux dont Mara Jade faisait partie ? La Main de l’Empereur
64%
Comment se nomme l’ordre Sith millénaire qui renaît sous Dark Bane ? La regle de deux
57%
Qui tue Chewbacca dans l’Univers Étendu ? Yuuzhan Vong
36%
Quel Sith ancien piège son esprit dans un holocron et tente de posséder des Jedi des millénaires plus tard ? Dark Andeddu
29%
Qui devient l’Empereur dans la saga Legacy 130 ans après la bataille de Yavin ? Darth Krayt
29%
Aucun quiz correspondant
Distribution des résultats
% des personnes avec chaque résultat
Percentile par nombre de réponses
Votre historique - résultats
Vous n’avez pas pris ce quiz